Are you ready for the Data Protection Act? (Record no. 62569)

MARC details
000 -LEADER
fixed length control field 00819cam a2200229 4500
001 - CONTROL NUMBER
control field ABS61976
008 - FIXED-LENGTH DATA ELEMENTS--GENERAL INFORMATION
fixed length control field 000000n2000 000 0 eng u
035 ## - SYSTEM CONTROL NUMBER
System control number (Sirsi) u104287
100 ## - MAIN ENTRY--PERSONAL NAME
Personal name Bessey, J.
245 ## - TITLE STATEMENT
Title Are you ready for the Data Protection Act?
260 ## - PUBLICATION, DISTRIBUTION, ETC.
Date of publication, distribution, etc. 2000
490 ## - SERIES STATEMENT
Series statement Construction News
Volume/sequential designation 6652 10 February 2000 22-23(2)
520 ## - SUMMARY, ETC.
Summary, etc. Outlines the way in which the Data Protection Act 1998, which comes into force in March 2000, aims to strike a balance between the individual right to privacy and the ability of organisations to collect and process data for the purposes of their business.
590 ## - LOCAL NOTE (RLIN)
Local note ABS
650 ## - SUBJECT ADDED ENTRY--TOPICAL TERM
Topical term or geographic name entry element DATA PROTECTION ACT 1998
650 ## - SUBJECT ADDED ENTRY--TOPICAL TERM
Topical term or geographic name entry element INFORMATION
650 ## - SUBJECT ADDED ENTRY--TOPICAL TERM
Topical term or geographic name entry element DATA
650 ## - SUBJECT ADDED ENTRY--TOPICAL TERM
Topical term or geographic name entry element DATA PROCESSING
690 ## - LOCAL SUBJECT ADDED ENTRY--TOPICAL TERM (OCLC, RLIN)
Topical term or geographic name as entry element LAW
700 ## - ADDED ENTRY--PERSONAL NAME
Personal name van Tiggelen, J.
942 ## - ADDED ENTRY ELEMENTS (KOHA)
Suppress in OPAC 0
Holdings
Withdrawn status Lost status Source of classification or shelving scheme Damaged status Not for loan Home library Current library Shelving location Date acquired Total Checkouts Full call number Barcode Date last seen Copy number Price effective from Koha item type
    Dewey Decimal Classification     London London Journal article 23/02/2000   ABS61976 104287-1001 06/08/2019 1 06/08/2019 Journal article